00333nam a2200121Ia 4500003000400000008004100004040001600045082001700061100003000078245005500108260003400163650001400197GCL140319s9999 xx 000 0 eng d aGCL / cGCL04aCHb599bB G1 aBOOKS FOR WORLD EXPLORERS10aGIANTS FROM THE PAST / cBOOKS FOR WORLD EXPLORERS a[S.N] : bLIBRARY OF CONGRESS04aGEOGRAPHY